000
00262nam a22001097a 4500
082
_a
425
_b
KIS/E
100
_a
KISHOR
245
_a
ESSAYS AND COMPREHENSION
246
_a
ESSAYS AND COMPREHENSION
_b
ESSAYS AND COMPREHENSION
650
_a
ENGLISH GRAMMAR
942
_c
BK
999
_c
8863
_d
8863